000 00530nam a2200181Ia 4500
001 12535
008 140401s9999 xx 000 0 und d
020 _a0-8213-0703-7
040 _cPK-LaUMT
082 _a 607.1
_bHUN-E
100 _aHunting, Gordon
245 _aEvaluating vocational training programs : A practical guide
_cHunting, Gordon<>Zymelman, Manuel, J.A.; (Godfrey, Martin), J.A.
260 _c1986
300 _a96 p.
546 _aEN
700 _aZymelman, Manuel, J.A.; (Godfrey, Martin), J.A.
942 _cBK
999 _c13297
_d13297